000 00495nam a2200217Ia 4500
008 210210b1941 xxu||||| |||| 00| 0 eng d
041 _aeng
082 _a883/25
100 _aBHATTANARAYANA
245 _aVEnisamhAra : a critical study by GajendragaDkar
260 _aBombay
_b-
_c1941
650 _aVEnisamhAra
650 _astudy
650 _aGajendragaDkar
650 _acritical
650 _aby
650 _aa
650 _a:
690 _aSanskrit Drama
906 _a024355
999 _c149845
_d149845